Énigmes des jeux Professeur Layton - Statistiques

Statistiques générales
  • Ce quiz a été pris 122 fois
  • Le résultat moyen est 5 sur 9
Statistiques - réponses
Image Énoncé Réponse % Correct
Après avoir essayé de plier un bout de papier en deux, vous remarquez que l'un des côtés du papier plié est plus long que l'autre d'un centimètre. D'une nature perfectionniste, vous repliez le bout de papier, et vous vous rendez compte que cette fois, c'est l'autre côté qui est plus long d'un centimètre. Maintenant que deux plis sont visibles sur le bout de papier déplié, trouvez quelle est la distance EN MILLIMETRES qui sépare ces deux plis. 10 mm
73%
Quatre photographient décorent les murs d'un studio photo. Elles ont toutes été prises au même endroit et à la même heure mais pas à la même date. En utilisant les indices visibles sur les photos, vous devriez pouvoir déterminer l'ordre dans lequel elles ont été prises. Pour répondre, vous devrez entrer à la suite et dans l'ordre chronologique les lettres correspondant à chaque photo: par exemple ABCD. CDBA
71%
Sam possède huit chaînettes, chacune composée de sept maillons. Il aimerait faire relier toutes ces chaînette afin de former un collier "trop cool". Le bijoutier lui demande deux livres pour ouvrir et fermer un maillon. Pouvez-vous dire à Sam combien il devrait dépenser pour lier tous les maillons de la manière la moins onéreuse possible ? 14 livres
68%
Ces serpillères sont de si mauvaise qualité qu’il leur faut deux jours pour sécher après avoir été utilisées. En outre, il faut les jeter après trois utilisations. Quel est le nombre minimum de serpillères nécessaires pour faire le ménage tous les jours pendant un mois qui en compte 30 ? 10
60%
Le sommet de cette tour offre une vue imprenable sur un petit village isolé. Du haut de la tour on peut voir l'ensemble des bâtiments du village. Réciproquement, la logique voudrait que le sommet de la tour soit entièrement visible depuis n'importe quel bâtiment du village. Cependant il y a un bâtiment dans le village depuis lequel le sommet de la tour ne sera jamais entièrement visible, quelle que soit la fenêtre par laquelle on regarde. Pouvez-vous trouver ce bâtiment ? La tour
58%
Sur cette tablette de chocolat, d'une dimension de 5x10 cm, il y a un trou d'un diamètre de 5mm, comme illustré ci-contre. On a également cassé une barre de 5x1 cm. Combien de barres supplémentaires de taille et de formes identiques à celle-ci peut-on obtenir sachant que les barres contenant ne serait-ce qu'une infime fraction du trou ne doivent pas être comptabilisées. 8
55%
Quatre personnes s'attendent à la fin d'une soirée mémorable. Chacun consulte alors sa montre et ils réalisent que personne n'a la bonne heure : A:"Ma montre a toujours 20 minutes de retard !", B:"La mienne n'a que 10 minutes de retard." C:"J'ai réglé ma montre avec 5 minutes d'avance." D:"C'est tout ? La mienne avance de 10 longues minutes !" Quelle heure est-il ? 1:25
54%
Cette porte ne s’ouvre que lorsque le bon code a été saisi. Le seul indice permettant de le retrouver est une note griffonnée par une femme dont l’écriture est illisible. A vous de trouver les chiffres qui composent le code 8
53%
Pour créer une estrade, deux hommes peignent des cubes de même taille. Ils doivent peindre tous les cubes à la fois, mais uniquement les faces visibles. Par exemple, s’ils n’avaient que deux cubes accolés, ils ne pourraient peindre que quatre faces sur chaque cube. L’estrade doit avoir au moins un cube avec une seule face peinte, un avec seulement deux faces peintes, un avec trois et un avec quatres faces peintes. Combien de cubes au minimum faut-il peindre d’un coup pour remplir ces objectifs ? Il est permis d’empiler les cubes. 7
51%
Aucun quiz correspondant
Distribution des résultats
% des personnes avec chaque résultat
Percentile par nombre de réponses
Votre historique - résultats
Vous n’avez pas pris ce quiz